Do They Know Movies? - Statistics

General Stats
  • This quiz has been taken 20 times
    10 since last reset
  • The average score is 34 of 125
Answer Stats
Character Name Year % Correct
The Scarecrow The Wizard of Oz 1939
100%
John Rambo First Blood 1982
88%
Greg Focker Meet The Parents 2000
88%
Donkey Shrek 2001
88%
Pennywise Stephen King's It 1990
88%
Jack Dawson Titanic 1997
88%
Andy Toy Story 1995
88%
Biff Tannen Back To The Future Part I 1985
75%
Josh Baskin Big 1988
75%
Molly Jensen Ghost 1990
75%
Peter Venkman Ghostbusters 1984
75%
Maria Von Trapp The Sound Of Music 1965
75%
Hans Gruber Die Hard 1988
63%
Tyler Durden Fight Club 1999
63%
Sandy Olsson Grease 1978
63%
Sidney Prescott Scream 1996
63%
Nick Fury The Avengers 2012
63%
The Dude The Big Lebowski 1998
63%
Primrose Everdeen The Hunger Games 2012
63%
Inigo Montoya The Princess Bride 1987
63%
Jack Torrence The Shining 1980
63%
Axel Foley Beverly Hills Cop 1984
50%
Augustus Gloop Charlie And The Chocolate Factory 2005
50%
Bubba Forrest Gump 1994
50%
Albus Dumbledore Harry Potter and The Philosopher's Stone 2001
50%
Roger Murtaugh Lethal Weapon 1987
50%
Regina George Mean Girls 2004
50%
Eliza Doolittle My Fair Lady 1964
50%
Clark Griswold National Lampoon's Vacation 1983
50%
Vivian Ward Pretty Woman 1990
50%
Marsellus Wallace Pulp Fiction 1994
50%
Walt Disney Saving Mr. Banks 2013
50%
Alfred Pennyworth The Dark Knight 2008
50%
Mark Zuckerberg The Social Network 2010
50%
Kyle Reese The Terminator 1984
50%
Veronica Corningstone Anchorman: The Legend Of Ron Burgundy 2004
38%
Bruce Nolan Bruce Almighty 2003
38%
Peter Quill Guardians Of The Galaxy 2014
38%
Heather Chandler Heathers 1988
38%
Joy Inside Out 2015
38%
John Hammond Jurassic Park 1993
38%
Furiosa Mad Max: Fury Road 2015
38%
Lois Lane Man Of Steel 2013
38%
Shaun Shaun Of The Dead 2004
38%
Deloris Van Cartier Sister Act 1992
38%
Jamal Malik Slumdog Millionaire 2008
38%
Dark Helmet Spaceballs 1987
38%
Ben Solo Star Wars: The Force Awakens 2015
38%
Solomon Northup 12 Years A Slave 2013
25%
Violet Newstead 9 To 5 1980
25%
Hiro Himada Big Hero 6 2014
25%
Akeem Joffer Coming To America 1988
25%
Martha May Who Dr. Seuss' How The Grinch Stole Christmas 2000
25%
Tevye Fiddler On The Roof 1971
25%
Natasha Romanoff Iron Man 2 2010
25%
Fat Amy Pitch Perfect 2012
25%
Carey Mahoney Police Academy 1984
25%
Don Lockwood Singin' In The Rain 1952
25%
Bryan Mills Taken 2008
25%
Lionel Logue The King's Speech 2010
25%
Emmet The Lego Movie 2014
25%
Mark Watney The Martian 2015
25%
Maria Nunez West Side Story 1961
25%
Kat Stratford 10 Things I Hate About You 1999
13%
Ellen Ripley Alien 1979
13%
Jack Burton Big Trouble In Little China 1986
13%
Brian Madison Billy Madison 1995
13%
Jack Twist Brokeback Mountain 2005
13%
Danny Noonan Caddyshack 1980
13%
Holden McNeil Chasing Amy 1997
13%
Stacy Hamilton Fast Times At Ridgemont High 1982
13%
Steven Hiller Independence Day 1996
13%
Ulysses McGill O Brother, Where Art Thou? 2000
13%
Adam Pontipee Seven Brides For Seven Brothers 1954
13%
Oroku Saki Teenage Mutant Ninja Turtles 1990
13%
Heather Donahue The Blair Witch Project 1999
13%
Cole Sear The Sixth Sense 1999
13%
Robbie Hart The Wedding Singer 1998
13%
Tommy Callahan Tommy Boy 1995
13%
Wyatt Donnelly Weird Science 1985
13%
All Zoolander No.2 2016
13%
Melissa Robinson Ace Ventura: Pet Detective 1994
0%
Sam Montgomery A Cinderella Story 2004
0%
Jafar Aladdin 1992
0%
Tony Mendez Argo 2012
0%
Riggan Thomson Birdman or (The Unexpected Virtue of Ignorance) 2014
0%
Missy Pantone Bring It On 2000
0%
Carrie White Carrie 1976
0%
Chuck Noland Cast Away 2000
0%
Roger DiMarco Dawn Of The Dead 1978
0%
Jon McGruder Dead Alive (Braindead) 1992
0%
Edward Rooney Ferris Bueler's Day Off 1986
0%
Craig Jones Friday 1995
0%
Adrian Cronauer Good Morning Vietnam 1987
0%
Gerald Lambeau Good Will Hunting 1997
0%
Michael Myers Halloween 1978
0%
Peter Pan Hook 1991
0%
Helen Shivers I Know What You Did Last Summer 1997
0%
Martin Brody Jaws 1975
0%
Alan Parrish Jumanji 1995
0%
Mia Dolan La La Land 2016
0%
Dan O'Grady Leprechaun 1993
0%
Euphegenia Doubtfire Mrs. Doubtfire 1993
0%
Deb Bradshaw Napoleon Dynamite 2004
0%
Jake Wyler Not Another Teen Movie 2001
0%
Joel Goodsen Risky Business 1983
0%
John Miller Saving Private Ryan 1998
0%
Samantha Baker Sixteen Candles 1984
0%
Sam Baldwin Sleepless In Seattle 1993
0%
Allen Bauer Splash 1984
0%
Scott Howard Teen Wolf 1985
0%
Andy Stitzer The 40 Year Old Virgin 2005
0%
George Valentin The Artist 2011
0%
Barbara Keeley The Birdcage 1996
0%
Regan MacNeil The Exorcist 1973
0%
William James The Hurt Locker 2009
0%
Harold Hill The Music Man 1962
0%
Mia Thermopolis The Princess Diaries 2001
0%
Ted Stroehmann There's Something About Mary 1998
0%
Johnny The Room 2003
0%
Leatherface The Texas Chainsaw Massacre 1974
0%
Charlotte Blackwood Top Gun 1986
0%
Gail Von Kleinenstein Wet Hot American Summer 2001
0%
Harry Burns When Harry Met Sally 1989
0%
Terrence Fletcher Whiplash 2014
0%
No matching quizzes found
Score Distribution
Percent of People with Each Score
Percentile by Number Answered
Your Score History
You have not taken this quiz since the last reset